| 000 | 00616 a2200169 4500 | ||
|---|---|---|---|
| 020 | _a0072337451 | ||
| 040 |
_aDLC _bDLC |
||
| 082 | 0 | 0 | _a005.72 |
| 100 | 1 | _aGottleber, Timothy T. | |
| 245 | 1 | 0 |
_aMore excellent HTML with an introduction to JavaScript _cTimothy T. Gottleber, Timothy N. Trainor. |
| 260 |
_aBoston : _bIrwin/McGraw-Hill, _cc2000. |
||
| 300 |
_axxiii, 550 p. : _bill. (some col.) ; _c25 cm. + _e1 computer optical disc (4 3/4 in.) |
||
| 650 | 0 | _aHTML (Document markup language) | |
| 650 | 0 | _aJavaScript (Computer program language) | |
| 700 | 1 |
_aTrainor, Timothy N., _d1953- |
|
| 942 |
_cBK _k005.72 GOT _2ddc |
||
| 999 |
_c6415 _d6415 |
||